000 00455nam a22001697a 4500
005 20250612113020.0
008 250612b |||||||| |||| 00| 0 eng d
020 _a9780367139841
082 _a005.8
_bRAG-B
100 _aRagnedda, Massimo
245 _aBlockchain and Web 3.0 /
_cMassimo Ragnedda
260 _aindia:
_belsevier;
_c2019.
300 _axiv, 320 p. :
_bill;
_c24 cm.
500 _ainclude index.
650 _aDataScience
999 _c36928
_d36928